000
00331 a2200157 4500
001
183416
020
_a
85-305-0048-2
040
_c
Magnum
100
_a
Souza, Flavio de
240
1
0
_a
Eu & mim mesmo
_l
por
245
1
0
_a
Eu & mim mesmo
300
_a
23
362
0
_a
1987
697
_a
LITERATURA INFANTO-JUVENIL
942
_c
BK
999
_c
183416
_d
183416